[Event "10th Open"]
[Site "Valle d'Aosta ITA"]
[Date "2002.02.17"]
[Round "9"]
[White "Glek,I"]
[Black "Tatai,S"]
[Result "1-0"]
[WhiteElo "2601"]
[BlackElo "2345"]

1.e4 c5 2.Nf3 d6 3.Bb5+ Bd7 4.Bxd7+ Nxd7 5.O-O Ngf6 6.Qe2 e6 7.d3 Be7 8.Ng5 h6
9.Nh3 Ne5 10.f4 Nc6 11.c3 Qc7 12.f5 e5 13.Nd2 O-O-O 14.c4 Nd4 15.Qd1 Nh7
16.Nb3 Nc6 17.Nf2 Bg5 18.Ng4 Qe7 19.a3 Bxc1 20.Rxc1 Qg5 21.Qe2 Nf6 22.Ne3 h5
23.Nd5 Ng4 24.h3 Nf6 25.Qf2 h4 26.Nd2 Nd4 27.Nf3 Nxf3+ 28.Qxf3 Kb8 29.b4 Rc8
30.Rc2 Rhe8 31.Re2 Ka8 32.Rb1 Nd7 33.Reb2 Rf8 34.Kh1 Qd8 35.f6 g6 36.Qf2 Rh8
37.Rb3 Rb8 38.a4 cxb4 39.Rxb4 Nc5 40.Qc2 Rc8 41.R1b2 Rc6 42.Qb1 Qd7 43.a5 Rb8
44.Rb5 Qd8 45.Ra2 a6 46.Rb4 Ka7 47.Qg1 Ka8 48.Qe3 Ka7 49.Qf2 Qh8 50.Rab2 Qh5
51.Rb1 Qg5 52.Rb6 Qg3 53.Qb2 Rcc8 54.Rxd6 b5 55.axb6+ Kb7 56.Qa3 Qxd3 57.Rd7+ Kc6
58.Nb4+  1-0

[Event "US Amateur Team East"]
[Site "Parsipanny USA"]
[Date "2002.02.18"]
[Round "6"]
[White "Karatekin,T"]
[Black "Kaminski,M"]
[Result "1/2-1/2"]
[WhiteElo "2306"]
[BlackElo "2497"]

1.e4 c5 2.Nf3 d6 3.Bb5+ Bd7 4.Bxd7+ Qxd7 5.c4 Nc6 6.d4 cxd4 7.Nxd4 g6 8.O-O Bg7
9.Be3 Nf6 10.f3 O-O 11.Nc3 Rac8 12.b3 e6 13.Qd2 Rfd8 14.Rac1 d5 15.Nxc6 bxc6
16.cxd5 cxd5 17.exd5 Nxd5 18.Nxd5 exd5 19.Bd4 Bxd4+ 20.Qxd4 Rxc1 21.Rxc1 Qe7
22.b4 Qd7 23.Rc5 Qe7 24.h3 h5 25.Rxd5 Rxd5 26.Qxd5 Qxb4 27.Qa8+ Kg7 28.Qxa7 Qe1+
29.Kh2 Qe5+ 30.Kh1 Qa1+  1/2-1/2

[Event "Petrov Mem Open"]
[Site "St Petersburg RUS"]
[Date "2002.02.19"]
[Round "8"]
[White "Kornev,Alexe"]
[Black "Areshchenko,A"]
[Result "1/2-1/2"]
[WhiteElo "2536"]
[BlackElo "2470"]

1.e4 c5 2.Nf3 d6 3.Bb5+ Bd7 4.Bxd7+ Qxd7 5.O-O Nf6 6.Re1 Nc6 7.b3 e6 8.Bb2 Be7
9.d3 O-O 10.Nbd2 d5 11.exd5 Nxd5 12.Ne4 Rad8 13.Qd2 Rfe8 14.Rad1 Qc7 15.c4 Nf4
16.Qe3 b6 17.g3 Ng6 18.d4 cxd4 19.Nxd4 Bb4 20.Rf1 Nxd4 21.Rxd4 Rxd4 22.Qxd4 f5
23.Ng5 Bc5 24.Qd3 h6 25.Nf3 Rd8 26.Qe2 e5 27.Nxe5 Re8 28.Qh5 Rxe5 29.Qxg6 Re2
30.Bc3 Qf7 31.Qc6 Rxa2 32.b4 Bf8 33.Rd1 f4 34.g4 Rc2 35.Rd3 a5 36.bxa5 bxa5
37.Kg2 Kh7 38.Qe4+ Qg6 39.Qxg6+ Kxg6 40.Bxa5 Rxc4 41.Kf3 Be7 42.Bd2 Bg5 43.Rd6+ Kf7
44.Rd7+ Kf6 45.Rb7 g6 46.Bb4 Ke6 47.Rb6+ Kf7 48.Bd6 Rc3+ 49.Ke4 Rc2 50.Kf3 Rc3+
51.Kg2 Rc4 52.Be5 Rc5 53.Rb7+ Ke6 54.Bg7 Rd5 55.Rb4 h5 56.gxh5 gxh5 57.Bb2 Kf5
58.Rb8 Rd3 59.Rb5+ Kg6 60.Be5 Ra3 61.Bd6 Rd3 62.Bb8 Rc3 63.Rd5 Rb3 64.Bd6 Rc3
65.Bb4 Rb3 66.Bd2 Ra3 67.Kf1 Rh3 68.Kg1 Rb3 69.Kg2 Ra3 70.Rd6+ Kf5 71.Rd5+ Kg6
72.Bb4 Rb3 73.Bd6 Rc3 74.Rb5 Rd3 75.Bb8 Rc3 76.Rb4 Kf5 77.h4 Bh6 78.Rb6 Bf8
79.Rb7 Bh6 80.Rh7 Rc6 81.f3 Kg6 82.Rb7 Rc2+ 83.Kg1 Rc1+ 84.Kf2 Rc2+ 85.Kf1 Rc3
86.Ke2 Re3+ 87.Kf2 Rc3 88.Rb6+ Kh7 89.Rf6 Rc4 90.Be5 Rc2+ 91.Kf1 Rc1+ 92.Kf2 Rc5
93.Bxf4 Bxf4 94.Rxf4 Kg6 95.Ke3 Ra5 96.Rb4 Ra3+  1/2-1/2

[Event "Petrov Mem Open"]
[Site "St Petersburg RUS"]
[Date "2002.02.20"]
[Round "9"]
[White "Bylino,O"]
[Black "Ayupov,D"]
[Result "1/2-1/2"]
[WhiteElo "2245"]
[BlackElo "2347"]

1.e4 c5 2.Nf3 d6 3.Bb5+ Bd7 4.a4 Nc6 5.c3 Nf6 6.Qe2 a6 7.Bxc6 Bxc6 8.d3 b5
9.Nbd2 e6 10.O-O Be7 11.e5 Nd5 12.Ne4 O-O 13.exd6 Bxd6 14.axb5 axb5 15.Rxa8 Bxa8
16.c4 bxc4 17.dxc4 Ne7 18.Nxd6 Qxd6 19.Qe5 Qd3 20.Qxc5 Bxf3 21.Qxe7 Be2 22.Re1 Qxc4
23.Bd2  1/2-1/2

[Event "Open"]
[Site "Malaga ESP"]
[Date "2002.02.25"]
[Round "4"]
[White "Lorenzini,M"]
[Black "Cabrera,A"]
[Result "0-1"]
[WhiteElo "2363"]
[BlackElo "2440"]

1.e4 c5 2.Nf3 d6 3.Bb5+ Bd7 4.Bxd7+ Qxd7 5.c4 Nf6 6.Nc3 Nc6 7.d4 cxd4 8.Nxd4 g6
9.O-O Nxd4 10.Qxd4 Bg7 11.Bg5 h6 12.Be3 O-O 13.Qd2 Kh7 14.b3 a6 15.a4 Qc6
16.f3 Nd7 17.a5 b5 18.axb6 Nxb6 19.Ra3 Rfb8 20.Nd5 Nxd5 21.cxd5 Qc3 22.Rb1 Rc8
23.Ra2 Rab8 24.Qxc3 Rxc3 25.Kf2 Rcxb3 26.Rxb3 Rxb3 27.Rxa6 Rb2+ 28.Kf1 g5
29.Ra7 Bf6 30.h3 Kg6 31.Ra3 Be5 32.Rd3 f5 33.Bd4 fxe4 34.fxe4 Bxd4 35.Rxd4 Kf6
36.Rc4 Rb7 37.Kf2 Ke5 38.Kf3 h5 39.Ra4 Rb3+ 40.Kf2 h4 41.Ke2 Kf4 42.Kf2 Rd3
43.Ra7 Kxe4 44.Rxe7+ Kxd5 45.Ra7 Ke4 46.Ra4+ Rd4 47.Ra8 Rd2+ 48.Kf1 d5 49.Rg8 Kf4
50.Rf8+ Ke3 51.Re8+ Kf4 52.Rf8+ Kg3 53.Rf5 g4 54.hxg4 Kxg4 55.Rf3 Rd4 56.Rf8 Kg5
57.Ke2 Re4+ 58.Kf2 Kg6 59.g3  0-1

[Event "Mario Covas Jr"]
[Site "Sao Paulo BRA"]
[Date "2002.02.28"]
[Round "9"]
[White "Zarnicki,P"]
[Black "Disconzi da Silva,R"]
[Result "1/2-1/2"]
[WhiteElo "2493"]
[BlackElo "2415"]

1.e4 c5 2.Nf3 d6 3.Bb5+ Nd7 4.O-O Nf6 5.Re1 a6 6.Bxd7+ Bxd7 7.c3 Bc6 8.d4 Bxe4
9.Bg5 Bd5 10.Nbd2 e6 11.c4 Bxf3 12.Qxf3 cxd4 13.Bxf6 gxf6 14.Qxb7 Bg7 15.Qc6+ Ke7
16.Nb3 f5 17.Rad1 Qc8 18.Qf3 Rb8 19.Qxf5 Qxc4 20.Rc1 Qb4 21.Qg5+ Kf8 22.Red1 h5
23.Qh4 Rh6 24.Nxd4 Bxd4 25.Rxd4 Qxb2 26.Qf4 Kg7 27.Rxd6 Rb4 28.Rxa6 Rf6 29.Qg3+ Rg6
30.Qa3 Rf6 31.Qxb2 Rxb2 32.Rf1 Rf5 33.Ra3 Rd5 34.Rg3+ Kf8 35.a3 Ra2 36.h4 Ra5
37.Rb1 Rf5  1/2-1/2

[Event "Jersey Open"]
[Site "St Helier JCI"]
[Date "2002.03.02"]
[Round "7"]
[White "Kemp,Pa"]
[Black "Ellison,D"]
[Result "0-1"]
[WhiteElo "2033"]
[BlackElo "2116"]

1.e4 c5 2.Nf3 d6 3.Bb5+ Bd7 4.Bxd7+ Nxd7 5.c3 Ngf6 6.Qe2 Rc8 7.O-O e6 8.d4 Be7
9.Bg5 O-O 10.Nbd2 cxd4 11.cxd4 Qb6 12.b3 h6 13.Bh4 Qa5 14.e5 dxe5 15.dxe5 Nd5
16.Bxe7 Nxe7 17.Nc4 Qa6 18.Rfd1 Nb6 19.Nfd2 Ned5 20.Qg4 Nc3 21.Nxb6 Qxb6
22.Nc4 Qc5 23.Rd3 b5 24.Rxc3 bxc4 25.Rxc4 Qxe5 26.Rac1 Rxc4 27.Qxc4 Rd8 28.g3 g6
29.Qc3 Rd1+ 30.Kg2 Qe4+ 31.Kh3 Rd5  0-1

[Event "FSIMB March"]
[Site "Budapest HUN"]
[Date "2002.03.04"]
[Round "3"]
[White "Schlusnik,N"]
[Black "Kahn,E"]
[Result "0-1"]
[WhiteElo "2285"]
[BlackElo "2303"]

1.e4 c5 2.Nf3 d6 3.Bb5+ Nd7 4.O-O Nf6 5.Re1 e6 6.d4 cxd4 7.Qxd4 Be7 8.Bg5 O-O
9.Nc3 Qc7 10.Rad1 Rd8 11.h3 a6 12.Bf1 Ne5 13.Nxe5 dxe5 14.Qc4 Qxc4 15.Bxc4 b5
16.Rxd8+ Bxd8 17.Rd1 Bb7 18.Bb3 Bb6 19.Bxf6 gxf6 20.Rd7 Rb8 21.a3 Bd4 22.h4 h6
23.Ne2 Bxb2 24.Ng3 Bxa3 25.Nh5 Kf8 26.Nxf6 Kg7 27.Ng4 Bc6 28.Rc7 Bxe4 29.Nxe5 Rb7
30.Rc3 Bd6 31.Ng4 Rc7 32.Rxc7 Bxc7 33.f3 Bg6 34.Kf2 a5  0-1

[Event "Anibal Open"]
[Site "Linares ESP"]
[Date "2002.03.05"]
[Round "5"]
[White "Saldano,H"]
[Black "Arencibia,W"]
[Result "0-1"]
[WhiteElo "2418"]
[BlackElo "2542"]

1.e4 c5 2.Nf3 d6 3.Bb5+ Nd7 4.O-O Nf6 5.Re1 a6 6.Bxd7+ Bxd7 7.c3 Bg4 8.d4 Nd7
9.h3 Bh5 10.d5 Bxf3 11.Qxf3 g6 12.Qg3 Bg7 13.f4 Qc7 14.Be3 O-O 15.Nd2 Rae8
16.h4 Nf6 17.f5 Kh8 18.Rf1 Qd7 19.Bg5 gxf5 20.Qh3 e6 21.dxe6 fxe6 22.exf5 exf5
23.Rxf5 Ng4 24.Rxf8+ Rxf8 25.Re1 Be5 26.g3 Rf2 27.Rf1 Qf5 28.Ne4 Rf3 29.Qg2 Nh2
30.Re1 d5 31.Qxh2 dxe4 32.Bf4 Bxf4 33.gxf4 Qg4+  0-1

[Event "ch-RUS Boys U20"]
[Site "Vladimir RUS"]
[Date "2002.03.05"]
[Round "5"]
[White "Belov,Vl"]
[Black "Kosintseva,T"]
[Result "1/2-1/2"]
[WhiteElo "2487"]
[BlackElo "2358"]

1.e4 c5 2.Nf3 d6 3.Bb5+ Nc6 4.O-O Bd7 5.Re1 Nf6 6.c3 a6 7.Ba4 c4 8.d4 cxd3
9.Bg5 Ne5 10.Bxd7+ Nfxd7 11.Nd4 Qb6 12.b3 g6 13.Be3 Qc7 14.c4 Bg7 15.Nc3 Nc5
16.b4 Nxc4 17.bxc5 Nxe3 18.fxe3 dxc5 19.Nd5 Qd8 20.Rc1 Rc8 21.Nf3 e6 22.Nf4 c4
23.Qa4+ b5 24.Qxa6 O-O 25.Red1 g5 26.Nxd3 cxd3 27.Rxc8 Qxc8 28.Qxb5 Rd8 29.h3 Qc7
30.Qxg5 Rb8 31.Rd2 h6  1/2-1/2

[Event "Anibal Open"]
[Site "Linares ESP"]
[Date "2002.03.07"]
[Round "7"]
[White "Yu Shaoteng"]
[Black "Nielsen,PH"]
[Result "1/2-1/2"]
[WhiteElo "2522"]
[BlackElo "2642"]

1.e4 c5 2.Nf3 d6 3.Bb5+ Bd7 4.Bxd7+ Qxd7 5.c4 Nc6 6.Nc3 g6 7.d4 cxd4 8.Nxd4 Bg7
9.Nde2 Nf6 10.O-O O-O 11.f3 Rfc8 12.b3 a6  1/2-1/2

[Event "Anibal Open"]
[Site "Linares ESP"]
[Date "2002.03.07"]
[Round "7"]
[White "Rodriguez Guerrero,E"]
[Black "Petrov,M"]
[Result "1-0"]
[WhiteElo "2309"]
[BlackElo "2476"]

1.e4 c5 2.Nf3 d6 3.Bb5+ Bd7 4.Bxd7+ Qxd7 5.c4 Nc6 6.Nc3 g6 7.d4 cxd4 8.Nxd4 Bg7
9.Nde2 Nf6 10.f3 O-O 11.O-O a6 12.a4 Rac8 13.Kh1 Rfe8 14.Bg5 e6 15.Rb1 h6
16.Bh4 g5 17.Bf2 Nb4 18.b3 d5 19.exd5 exd5 20.c5 Qf5 21.Bd4 Nc2 22.b4 Ne3
23.Ng3 Qd7 24.Bxe3 Rxe3 25.Nce2 a5 26.bxa5 Ra3 27.Rb5 Ne8 28.Nd4 Rc3 29.Ngf5 R8xc5
30.Rb6 Rxa5 31.Nxh6+ Kf8 32.Ndf5 d4 33.Qb1 Bxh6 34.Nxh6 Rxa4 35.Rxb7 Rc7
36.Rb8 d3 37.Qb2 Qd4 38.Qb5 Rd7 39.Re1 Re7 40.Rxe8+  1-0

[Event "TCh-CZE 2001-2"]
[Site "CZE"]
[Date "2002.03.09"]
[Round "8"]
[White "Vyskocil,N"]
[Black "Jirovsky,Pa"]
[Result "0-1"]
[WhiteElo "2297"]
[BlackElo "2388"]

1.e4 c5 2.Nf3 d6 3.Bb5+ Bd7 4.Bxd7+ Qxd7 5.O-O Nc6 6.c3 Nf6 7.d4 cxd4 8.cxd4 d5
9.e5 Ne4 10.Ne1 h6 11.Be3 e6 12.f3 Ng5 13.Nd2 Be7 14.Nd3 O-O 15.Nf4 Rfc8
16.a3 Nh7 17.Ne2 Na5 18.Nc3 Nc4 19.Nxc4 Rxc4 20.f4 Rac8 21.Qf3 b5 22.f5 Bg5
23.f6 gxf6 24.exf6 Rxc3 25.bxc3 Rxc3 26.Rae1 Nxf6 27.h4 Bxh4 28.Rc1 Rxa3
29.Qf4 Bg5 30.Qb8+ Qe8 31.Rc8 Bxe3+ 32.Kh1 Qxc8 33.Qxc8+ Kg7 34.Qc5 Ra4 35.Rf3 Bg5
36.Ra3 Ne4 37.Rxa4 Nxc5 38.Rxa7 Nb3  0-1

[Event "TCh-AUT 2001-2"]
[Site "Dornbirn AUT"]
[Date "2002.03.09"]
[Round "10"]
[White "Bezold,M"]
[Black "Brestian,E"]
[Result "1/2-1/2"]
[WhiteElo "2495"]
[BlackElo "2428"]

1.e4 c5 2.Nf3 d6 3.Bb5+ Bd7 4.a4 Nf6 5.Nc3 Nc6 6.O-O e6 7.Re1 Be7 8.Bxc6 Bxc6
9.e5 Nd7 10.exd6 Bxd6 11.d3 O-O 12.Ne4 Be7 13.b3 Bf6 14.Rb1 Bxe4 15.dxe4 Ne5
16.Be3 b6 17.Nd2 Nc6 18.Bf4 Bg5 19.Bxg5 Qxg5 20.Nf3 Qe7 21.c3 Rfd8 22.Qc2 Qd7
23.Rbd1 Qc7 24.g3 Ne5 25.Nxe5 Qxe5 26.Rd2 Rxd2 27.Qxd2 h6 28.c4 Qc7 29.Rd1 Re8
30.Qd7 Re7 31.Qd8+ Qxd8 32.Rxd8+ Kh7 33.f4 f6 34.Kf2 Kg6 35.Rd6 Kf7 36.a5 bxa5
37.Rc6 Rb7 38.Rxc5 Rxb3 39.Rxa5 Rb7 40.Ke3 Rd7 41.Ra6 e5 42.g4 exf4+ 43.Kxf4 Rc7
44.Ra4 Ke6 45.Ra6+ Kf7 46.Ra4 Ke6 47.h4 g5+ 48.hxg5 hxg5+ 49.Ke3 Rh7 50.Ra6+ Ke5
51.Ra5+ Ke6 52.Ra6+ Ke5 53.Ra5+ Ke6 54.Kd4 Rd7+ 55.Ke3 Rh7 56.e5 Rh4 57.Kf3 f5
58.Ra6+ Kxe5 59.Ra5+ Kd4 60.Rxf5 Kxc4 61.Rxg5 Rh7  1/2-1/2

[Event "TCh-ISR"]
[Site "ISR"]
[Date "2002.03.09"]
[Round "6"]
[White "Vydeslaver,A"]
[Black "Karpman,V"]
[Result "1/2-1/2"]
[WhiteElo "2408"]
[BlackElo "2371"]

1.e4 c5 2.Nf3 d6 3.Bb5+ Bd7 4.Bxd7+ Qxd7 5.O-O Nf6 6.e5 dxe5 7.Nxe5 Qc7 8.d4 cxd4
9.Qxd4 Nc6 10.Nxc6 Qxc6 11.Bg5 Ne4 12.Bh4 Rd8 13.Qxa7 g5 14.Bg3 Bg7 15.Nc3 Nxc3
16.bxc3 f5 17.h4 f4 18.Bh2 O-O 19.Rab1 g4 20.Qxb7 Qg6 21.Rb6 Qxc2 22.Qxe7 g3
23.fxg3 Rd2 24.Qe6+ Kh8 25.Qh3 Rd1 26.gxf4 Rxf1+ 27.Kxf1 Bxc3 28.Qd7 Qc1+
29.Kf2 Qe1+ 30.Kf3 Qf1+ 31.Ke3 Qe1+ 32.Kf3 Qf1+  1/2-1/2

[Event "Anibal Open"]
[Site "Linares ESP"]
[Date "2002.03.09"]
[Round "9"]
[White "Saldano,H"]
[Black "Najer,E"]
[Result "1/2-1/2"]
[WhiteElo "2418"]
[BlackElo "2599"]

1.e4 c5 2.Nf3 d6 3.Bb5+ Nd7 4.d4 Nf6 5.Nc3 cxd4 6.Qxd4 e5 7.Qd3 h6 8.Be3 Be7
9.O-O O-O 10.Bc4 Ng4 11.Rfd1 Re8 12.Nb5 Nxe3 13.Qxe3 a6 14.Nc3 b5 15.Bb3 Rb8
16.Nd5 Bf8 17.c3 Nc5 18.Bc2 Be6 19.b4 Bxd5 20.Rxd5 Nd7 21.a4 Nb6 22.Rdd1 Qc7
23.axb5 axb5 24.Bb3 Rec8 25.Rdc1 Be7 26.Qe2 Nc4 27.g3 Qb7 28.h4 d5 29.exd5 Qxd5
30.Nxe5 Qxe5 31.Bxc4 Bf6 32.Qxe5  1/2-1/2

[Event "Anibal Open"]
[Site "Linares ESP"]
[Date "2002.03.10"]
[Round "10"]
[White "Frois,A"]
[Black "Ibrahimov,R"]
[Result "1/2-1/2"]
[WhiteElo "2354"]
[BlackElo "2436"]

1.e4 c5 2.Nf3 d6 3.Bb5+ Bd7 4.Bxd7+ Qxd7 5.c4 Nf6 6.Nc3 Nc6 7.d4 cxd4 8.Nxd4 g6
9.f3 Bg7 10.Be3 O-O 11.O-O Rfc8 12.b3 Qd8 13.Qd2 Qa5 14.Rfe1 a6 15.Rab1 Nd7
16.Qf2 Nxd4 17.Bxd4 Bxd4 18.Qxd4 Qc5 19.Qxc5 Rxc5 20.a4 f6 21.Red1 Kf7 22.Rd2 Rc6
23.Kf2 Nc5 24.Ke2 Rb8 25.Kd1 Ne6 26.Nd5 Rcc8  1/2-1/2

[Event "ClubCh-EST"]
[Site "Parnu EST"]
[Date "2002.03.10"]
[Round "5"]
[White "Krupenski,Y"]
[Black "Shishkov,A"]
[Result "0-1"]
[WhiteElo "2228"]
[BlackElo "2344"]

1.e4 c5 2.Nf3 d6 3.Bb5+ Bd7 4.Bxd7+ Nxd7 5.O-O Ngf6 6.Qe2 Rc8 7.c4 g6 8.Nc3 Bg7
9.d4 cxd4 10.Nxd4 a6 11.Bd2 O-O 12.Nc2 Qc7 13.b3 e6 14.Rac1 Rfe8 15.f4 Qc5+
16.Kh1 b5 17.cxb5 axb5 18.b4 Qc4 19.Qf3 d5 20.Na3 Qxb4 21.Nxd5 Qxd2 22.Rxc8 exd5
23.Rxe8+ Nxe8 24.Nxb5 dxe4 25.Qxe4 Ndf6 26.Qc4 Ng4 27.Qb3 Nef6 28.a4 Ne3
29.Rg1 Ne4 30.h4 Qf2  0-1

[Event "Mediteran Cup IM"]
[Site "Rijeka CRO"]
[Date "2002.03.11"]
[Round "3"]
[White "Videki,S"]
[Black "Brkic,A"]
[Result "1/2-1/2"]
[WhiteElo "2443"]
[BlackElo "2312"]

1.e4 c5 2.Nf3 d6 3.Bb5+ Bd7 4.Bxd7+ Qxd7 5.c4 Nc6 6.d4 cxd4 7.Nxd4 g6 8.Nc3 Bg7
9.Nde2 Nf6 10.f3 O-O 11.O-O e6 12.Bg5 h6 13.Be3 Rfd8 14.Qd2 d5 15.cxd5  1/2-1/2

[Event "ch-RUS Girls U20"]
[Site "Vladimir RUS"]
[Date "2002.03.11"]
[Round "10"]
[White "Zimina,O"]
[Black "Ubiennykh,E"]
[Result "1/2-1/2"]
[WhiteElo "2345"]
[BlackElo "2269"]

1.e4 c5 2.Nf3 d6 3.Bb5+ Bd7 4.Bxd7+ Qxd7 5.c4 Nc6 6.Nc3 g6 7.d4 cxd4 8.Nxd4 Bg7
9.Be3 Nf6 10.f3 O-O 11.O-O a6 12.Rc1 Rab8 13.b3 Rfc8 14.a4 Qd8 15.Qd2 Nd7
16.Kh1 Nc5 17.Rb1 Nxd4 18.Bxd4 Bxd4 19.Qxd4 e5 20.Qe3 Ne6 21.Rbd1 Nd4 22.f4 Qh4
23.Nd5 Rd8 24.fxe5 dxe5 25.Rxd4 exd4 26.Qxd4 Rd6 27.Nf6+ Rxf6 28.Qxf6 Qxf6
29.Rxf6 Re8 30.Rf4 b5 31.cxb5 axb5 32.axb5 Rb8 33.Rf3 Rxb5 34.g4 h5 35.gxh5 Rxh5
36.Kg2 Rb5 37.Kf2 Rb4 38.Re3 Kf8 39.Ke2 Ke7 40.Kd2 Ke6 41.Kc3 Rb8 42.b4 Ke5
43.Re2 Rc8+ 44.Kb3 Kd4 45.b5 Kd3 46.Re1 f5 47.exf5 gxf5 48.Kb4 Rh8 49.Rh1 f4
50.b6 f3 51.Kc5 f2 52.b7 Ke2 53.Kb6 f1=Q 54.Rxf1 Kxf1 55.Kc7 Kg2 56.h4 Kg3
57.h5  1/2-1/2

[Event "ch-RUS Girls U20"]
[Site "Vladimir RUS"]
[Date "2002.03.11"]
[Round "10"]
[White "Druzhinina,O"]
[Black "Ovod,E"]
[Result "0-1"]
[WhiteElo "2238"]
[BlackElo "2355"]

1.e4 c5 2.Nf3 d6 3.Bb5+ Nc6 4.O-O Bd7 5.Re1 a6 6.Bf1 Nf6 7.h3 e6 8.c3 Be7
9.d4 cxd4 10.cxd4 d5 11.e5 Ne4 12.Bd3 Nb4 13.Bxe4 dxe4 14.Rxe4 Bc6 15.Rg4 g6
16.Bh6 Bxf3 17.gxf3 Nd5 18.Nd2 Bf8 19.Bxf8 Kxf8 20.Ne4 h5 21.Rg5 Kg7 22.Qd2 Rc8
23.Kh1 Rc6 24.Rag1 Qc7 25.Nd6 Kf8 26.Ne4 Rc2 27.Qd3 Nf4 28.Qa3+ Kg7 29.Kh2 Re2
30.Kg3 Nd5 31.h4 Qc2 32.Qd6 Qxb2 33.Nc5 Re8 34.Qd7 Re7 35.Qd8 Qxd4 36.Rxg6+ fxg6
37.Qxe7+ Nxe7 38.Nxe6+ Kf7 39.Nxd4 Rxe5 40.f4 Ra5 41.Ra1 Kf6 42.Nf3 Ra3 43.Rb1 b5
44.Rb2 Nf5+ 45.Kg2 Rd3 46.Re2 Rxf3 47.Kxf3 Nd4+ 48.Ke3 Nxe2 49.Kxe2 Kf5 50.Kf3 a5
51.Ke3 b4  0-1

[Event "Open"]
[Site "Reykjavik ISL"]
[Date "2002.03.12"]
[Round "6"]
[White "Ehlvest,J"]
[Black "Neverov,V"]
[Result "1-0"]
[WhiteElo "2589"]
[BlackElo "2578"]

1.e4 c5 2.Nf3 d6 3.Bb5+ Nd7 4.d4 cxd4 5.Qxd4 Nf6 6.Nc3 g6 7.e5 dxe5 8.Nxe5 Bg7
9.Bf4 O-O 10.O-O-O Qa5 11.Qa4 Qxa4 12.Nxa4 Nxe5 13.Bxe5 Ne4 14.Bxg7 Kxg7
15.Rhe1 Nd6 16.Bf1 Kf6 17.c4 Be6 18.b3 Rac8 19.Kb2 Rfd8 20.Nc3 h5 21.Be2 Nf5
22.Bf3 Rxd1 23.Rxd1 Nd6 24.h4 b6 25.g3 Rc5 26.Bd5 Bf5 27.Na4 Rc7 28.Bf3 Ne4
29.Nc3 Nxc3 30.Kxc3 Be6 31.Rd8 Rc8 32.Rxc8 Bxc8 33.c5 Ke6 34.cxb6 axb6 35.Bc6 Kd6
36.Be8 Be6 37.a4 Bd5 38.b4 e5 39.Bb5 f6 40.Be8 Be4 41.Bf7 Ke7 42.Bb3 g5 43.Bd1 gxh4
44.gxh4 Bg6 45.Kc4 Kd6 46.Kb5 Kc7 47.Ka6 Kc6 48.Be2 Bc2 49.Bxh5 e4 50.Be8+ Kc7
51.h5 Bb3 52.h6  1-0

[Event "35th Ladies GM"]
[Site "Belgrade YUG"]
[Date "2002.03.15"]
[Round "1"]
[White "Savic,Ma"]
[Black "Chilingirova,P"]
[Result "1-0"]
[WhiteElo "2169"]
[BlackElo "2269"]

1.e4 c5 2.Nf3 d6 3.Bb5+ Nd7 4.O-O Nf6 5.Re1 a6 6.Bf1 e6 7.c3 b5 8.d4 Bb7
9.e5 Nd5 10.a4 cxd4 11.axb5 axb5 12.Rxa8 Qxa8 13.Nxd4 dxe5 14.Nxb5 Bc6 15.N1a3 Qb8
16.Qg4 f5 17.Qc4 Bb7 18.Qe2 Be7 19.Nc4 e4 20.Nd4 Kf7 21.f3 N7f6 22.g3 g6
23.Bg2 Nc7 24.Bf4 exf3 25.Bxf3 Bxf3 26.Qxf3 Qa7 27.Bxc7 Qxc7 28.Ne5+ Kg8
29.Qa8+ Bf8 30.Qxf8+ Kxf8 31.Nxe6+ Ke7 32.Nxc7 Ne4 33.Nd3 Kd6 34.Nb5+ Kd5
35.b3 Kc6 36.Nd4+ Kd5 37.Nf4+ Kc5 38.Nde6+ Kb5 39.Nd4+ Kc5 40.Nde2 Ra8 41.Nd3+ Kb6
42.Nf2 Nd2 43.Nd4 Ra3 44.Re6+ Kc5 45.Nd3+ Kd5 46.Nb4+  1-0

[Event "57th ch-YUG"]
[Site "Banja Koviljaca YUG"]
[Date "2002.03.17"]
[Round "2"]
[White "Savic,Miod1"]
[Black "Arsovic,G"]
[Result "1/2-1/2"]
[WhiteElo "2469"]
[BlackElo "2437"]

1.e4 c5 2.Nf3 d6 3.Bb5+ Bd7 4.Bxd7+ Qxd7 5.O-O Nf6 6.Re1 Nc6 7.c3 e6 8.d3 Be7
9.a4 O-O 10.Nbd2 Qc7 11.Nf1 Rfd8 12.h3 Ne5 13.Qe2 Rac8 14.b3 Qb6 15.Nxe5 dxe5
16.Qc2 Qd6 17.Re3 b6 18.Qe2 Qc7 19.Rg3 Kh8 20.Rf3 Rf8 21.g4 Qd8 22.Kg2 Nd7
23.h4 Nb8 24.Ng3 Nc6 25.Be3 Rc7 26.Nh5 Rd7 27.Rd1 f6 28.Ng3 Kg8 29.Bc1 Na5
30.Qa2 Kh8 31.b4 cxb4 32.cxb4 Nc6 33.Be3 Nxb4 34.Qxe6 Rd6 35.Qc4 Rc6 36.Qb3 Bc5
37.Bd2 a5 38.Nf5 g6 39.Ng3 Kg7 40.h5 Qe7 41.hxg6 hxg6 42.Rh1 Rh8 43.Qb1 Rcc8
44.g5 fxg5 45.Rf5 Rxh1 46.Qxh1 Rh8 47.Qa1 Bd4 48.Bc3 Nc6 49.Qc1 Bxc3 50.Rxg5 Kf7
51.Rg4 Qe6 52.Qxc3 Qxg4 53.Qxc6 Qh3+ 54.Kg1 Rc8 55.Qd5+ Qe6 56.Qb7+ Kg8 57.Kg2 Rf8
58.Qc7 Qf6 59.Qc2 Kg7 60.Kg1 Rf7 61.Qe2 Qf3 62.Qc2 Kh7 63.Nf1 Qg4+ 64.Ng3 Qd7
65.Qb3 Qc7 66.Nf1 Kg7 67.Kg2 Qd8 68.Ne3 Qg5+ 69.Kf1 Qf4 70.Qa2 Qf3 71.Kg1 Rf4
72.Qb2 Kh7 73.Nf1 Rg4+ 74.Ng3 Rxg3+ 75.fxg3 Qxg3+ 76.Kh1 Qh4+ 77.Kg2 Qf6
78.Qb5 Qd6 79.Kf3 Kg7 80.Ke2 g5 81.Qe8 Qf6 82.Qd7+ Kh6 83.Qh3+ Kg6 84.Qd7 Kh6
85.Qh3+ Kg7 86.Qd7+ Kg6 87.Qe8+ Kh6 88.Qd7 Kg6 89.Qe8+ Kh6 90.Qd7 Kg6 91.Qc8 Kh6
92.Qh3+ Kg6 93.Qd7 Kh6 94.Qc8 Kg6  1/2-1/2

[Event "Spring Festival"]
[Site "Budapest HUN"]
[Date "2002.03.17"]
[Round "3"]
[White "Csom,E"]
[Black "Dombai,I"]
[Result "1/2-1/2"]
[WhiteElo "2134"]
[BlackElo "2214"]

1.e4 c5 2.Nf3 d6 3.Bb5+ Nc6 4.O-O Nf6 5.Re1 e5 6.h3 Be7 7.c3 O-O 8.d4 Qc7
9.d5 Nb8 10.a4 a6 11.Bf1 b6 12.Na3 Nbd7 13.Bg5 h6 14.Bxf6 Nxf6 15.Qb3 Bd7
16.Rad1 Rfb8 17.c4 Qc8 18.Qc2 Ne8 19.b3 Nc7 20.Qd3 b5 21.Nxe5 bxa4 22.bxa4 Bxa4
23.Rb1 dxe5 24.d6 Ne6 25.dxe7 Nd4 26.Rxb8 Qxb8 27.Qc3 Qc7 28.Nb1 Qxe7 29.Qa5 Bc6
30.Nc3 Qg5 31.Rd1 Rb8 32.Qxc5 Rb2 33.Nd5 Bxd5 34.cxd5 Nf3+ 35.Kh1 Qf4 36.Qc8+ Kh7
37.Qf5+ Qxf5 38.exf5 Nd4 39.Bxa6 Rb6 40.Bd3 f6 41.Be4 Kg8 42.Kg1 Kf7 43.Kf1 Ke7
44.f4 Kd6 45.g4 Rb3 46.Bg2 Nc2 47.fxe5+ Kxe5 48.Rd2 Ne3+ 49.Kf2 Nxg2 50.Kxg2 Rb7
51.d6 Rd7 52.Kf3 h5 53.Re2+ Kxd6 54.Rd2+ Ke7 55.Rxd7+ Kxd7 56.Ke4 hxg4 57.hxg4 Kc6
58.Kf4 Kc5 59.g5 Kd5 60.gxf6 gxf6 61.Kf3 Ke5 62.Kg3 Kxf5 63.Kf3 Kg5  1/2-1/2

[Event "TCh-FIN 2001-02"]
[Site "FIN"]
[Date "2002.03.17"]
[Round "9"]
[White "Kiik,K"]
[Black "Yrjola,J"]
[Result "1/2-1/2"]
[WhiteElo "2436"]
[BlackElo "2413"]

1.e4 c5 2.Nf3 d6 3.Bb5+ Nc6 4.O-O Bd7 5.Re1 Nf6 6.c3 a6 7.Bxc6 Bxc6 8.d4 Bxe4
9.Bg5 Bd5 10.Nbd2 e6 11.c4 Bxf3 12.Qxf3 cxd4 13.Bxf6 gxf6 14.Qxb7 Qc8 15.Qe4 Bg7
16.Qxd4 O-O 17.Rab1 f5 18.Qh4  1/2-1/2

[Event "Spring Festival"]
[Site "Budapest HUN"]
[Date "2002.03.20"]
[Round "6"]
[White "Erdelyi,Z"]
[Black "Boros,De"]
[Result "0-1"]
[WhiteElo "2215"]
[BlackElo "2240"]

1.e4 c5 2.Nf3 d6 3.Bb5+ Nd7 4.d4 cxd4 5.Qxd4 a6 6.Bc4 Ngf6 7.Bg5 Qb6 8.Nbd2 Qxd4
9.Nxd4 e6 10.a4 Be7 11.O-O h6 12.Bh4 Nc5 13.Bxf6 Bxf6 14.c3 Bd7 15.a5 Ke7
16.Be2 Rac8 17.f3 Na4 18.Nc4 Nxb2 19.Nxb2 Rxc3 20.Rfd1 Bxd4+ 21.Rxd4 Rc2
22.Nc4 Rxe2 23.Nxd6 Bc6 24.Rad1 Rb2 25.e5 g5 26.Rc4 Rd8 27.Rcd4 Rg8 28.h3 h5
29.R1d2 Rxd2 30.Rxd2 f6 31.Nc4 Rc8 32.Nd6 Rc7 33.Rc2 Rd7 34.Nc8+ Kd8 35.Na7 Ba4
36.Rc8+ Ke7 37.Rh8 fxe5 38.Nc8+ Kf6 39.Rh6+ Kg7 40.Rxe6 Rd4 41.Kf2 Bd7 42.Rd6 Rxd6
43.Nxd6 Bc6 44.Ke3 Kf6 45.Ne4+ Bxe4 46.Kxe4 h4 47.Kd5 Kf5 48.Kd6 Kf4 49.Kc7 Kg3
50.Kxb7 Kxg2 51.Kxa6 Kxh3 52.Kb5 Kg3 53.a6 h3 54.a7 h2 55.a8=Q h1=Q 56.Qe4 Qf1+
57.Kb4 Qxf3 58.Qxe5+ Qf4+  0-1

[Event "Masters"]
[Site "Pinamar ARG"]
[Date "2002.03.22"]
[Round "3"]
[White "Felgaer,R"]
[Black "Zarnicki,P"]
[Result "1/2-1/2"]
[WhiteElo "2509"]
[BlackElo "2493"]

1.e4 c5 2.Nf3 d6 3.Bb5+ Bd7 4.Qe2 Bxb5 5.Qxb5+ Qd7 6.Qxd7+ Nxd7 7.c4 g6 8.Nc3 Ngf6
9.d3 Bg7 10.Rb1 Ng4 11.Ke2 Nge5 12.Nxe5 Nxe5 13.Nd5 Kd7 14.b4 e6 15.Ne3 cxb4
16.Rxb4  1/2-1/2

[Event "4NCL"]
[Site "Birmingham ENG"]
[Date "2002.03.23"]
[Round "7"]
[White "Ansell,S"]
[Black "Short,N"]
[Result "0-1"]
[WhiteElo "2396"]
[BlackElo "2663"]

1.e4 c5 2.Nf3 d6 3.Bb5+ Nd7 4.d4 cxd4 5.Qxd4 Nf6 6.Nc3 a6 7.Bxd7+ Nxd7 8.Bg5 f6
9.Be3 e6 10.O-O-O b5 11.h4 Qc7 12.h5 Rb8 13.Kb1 Be7 14.Nh4 b4 15.Ne2 a5 16.f4 Nc5
17.Ng3 a4 18.e5 dxe5 19.fxe5 f5 20.h6 O-O 21.hxg7 Rd8 22.Qf4 Rxd1+ 23.Rxd1 b3
24.cxb3 axb3 25.axb3 Bb7 26.Nhxf5 exf5 27.Qc4+ Kxg7 28.Nxf5+ Kh8 29.Nd6 Rc8
30.Rc1 Ba6 31.Nf7+ Kg7 32.Bh6+ Kg8 33.Qg4+ Kxf7 34.e6+ Nxe6 35.Qf5+ Ke8 36.Rxc7 Rxc7
37.Qxh7 Nc5 38.Qg8+ Kd7 39.Qd5+ Bd6  0-1

[Event "4NCL"]
[Site "Birmingham ENG"]
[Date "2002.03.23"]
[Round "7"]
[White "Howard,E"]
[Black "Kieran,R"]
[Result "1/2-1/2"]
[WhiteElo "2017"]
[BlackElo "2079"]

1.e4 c5 2.Nf3 d6 3.Bb5+ Bd7 4.Bxd7+ Qxd7 5.O-O Nc6 6.c3 Nf6 7.d3 e6 8.Bg5 Be7
9.Nbd2 O-O 10.Qe2 d5 11.e5 Ng4 12.Bxe7 Qxe7 13.h3 Nh6 14.Nh2 Nf5 15.Rae1 b5
16.Ng4 Rab8 17.Ne3 Nh6 18.Ng4 Nf5 19.Ne3 Nxe3 20.Qxe3 b4 21.c4 Nd4 22.Rc1 Rfd8
23.b3 Nf5 24.Qe2 Nd4 25.Qe3 dxc4 26.dxc4 Nf5 27.Qe2 Qg5 28.Nf3 Nd4 29.Nxd4  1/2-1/2

[Event "4th Rector Cup"]
[Site "Kharkov UKR"]
[Date "2002.03.23"]
[Round "2"]
[White "Kobalia,M"]
[Black "Kovchan,A"]
[Result "1-0"]
[WhiteElo "2620"]
[BlackElo "2507"]

1.e4 c5 2.Nf3 d6 3.Bb5+ Nc6 4.O-O Bd7 5.Re1 a6 6.Bxc6 Bxc6 7.d4 cxd4 8.Qxd4 Nf6
9.Bg5 e6 10.Nc3 Be7 11.Rad1 Rc8 12.Nd5 Nxd5 13.exd5 Bxg5 14.dxc6 Rxc6 15.Qxg7 Bf6
16.Qh6 Bxb2 17.Nd4 Bxd4 18.Rxd4 Rxc2 19.Qg7 Rf8 20.Qxh7 Rxa2 21.Qh6 d5 22.h4 Ke7
23.h5 Rg8 24.Qf4 Ke8 25.Rc1 Rg5 26.h6 Kf8 27.Qh4 Kg8 28.Rc8 Ra1+ 29.Kh2  1-0